000 00332nam a22001337a 4500
008 260530b |||||||| |||| 00| 0 eng d
020 _a9789381275603
082 _a001957
100 _aNagasampige, A V
245 _aVishnupanchavartham
260 _aBangalore
_bPoorna Prajna Samshodhan Trust
_c2022
300 _a82p
942 _2ddc
999 _c1472
_d1472